Регионална библиотека "Любен Каравелов" - Русе

Основи на мениджмънта (Запис номер 15334)

MARC детайли
000 -Лидер
Контролно поле с фиксирана дължина nam a22 a 4500
003 - Код на организацията, давaща контролен номер
Контролно поле BLK
005 - Дата и час на последна редакция
Контролно поле 20210121104522.0
008 - Елементи от данни с фиксирана дължина
fixed length control field 180413b bul|||||r ||||||| ||bul||
010 ## - Наследен системен номер
LC control number KNG00017110000
020 ## - Международен стандартен номер на книга ISBN
Международен стандартен номер на книга ISBN 954-520-095-2
040 ## - Източник на каталожния запис
Идентификатор на билиотеката - собственик на записа BLK
041 ## - Код за език
Код за езика на текст/звукозапис или на отделно заглавие Български
Код за езика КДБФ Български
080 ## - УДК
Текстов определител УДК Управление на предприятията. Организация на производството, търговията, транспорта и съобщенията. Полиграфическа промишленост и издателско дело
УДК код - определител по УДК 005
УДК определител .012.4(075)
УДК - код + определител 005.012.4(075)
100 ## - Редна дума - Автор
Автор Донъли, Джеймс Х.
Авторска отговорност първи автор
R(LIN) 260142
139 ## - Редно поле
Редна дума Донъли, Джеймс Х. и др.
Авторски знак Дон - Д 77
245 10 - Сведения за заглавието
Заглавие Основи на мениджмънта
Редно поле (дума) Джеймс Х. Донъли; съавт. Джеймс Л. Гибсън; съавт. Джон М. Иванчевич.
257 ## - Страна на издаване
Страна на създаване/издаване Съединени американски щати
260 ## - Област на издателските данни
Име на издателя, разпространителя и проч. Отворено о-во
Година на издаване 1997
Място на издаване, разпространение и проч. София
300 ## - Физическа характеристика
Страници 664 с.
Илюстрации и др. с табл., диагр.
Размери/Мащаб 28 см
380 ## - Жанр
Жанр Техника
500 ## - Общи забележки
Забележка Деп. списък: 18. - Други прев.: А. Пашов, Б. Гочева, Н. Кръстева.
650 #4 - Допълнително описание по предмет – тема
Основно описание – тема или топоним Управление - учебни помагала
9 (RLIN) 260145
650 #4 - Допълнително описание по предмет – тема
Основно описание – тема или топоним Организация на управлението - учебни помагала
9 (RLIN) 260146
650 #4 - Допълнително описание по предмет – тема
Основно описание – тема или топоним Управленски труд - учебни помагала
9 (RLIN) 260147
653 ## - Ключова дума – ненормативна
Ключова дума мениджмънт
653 ## - Ключова дума – ненормативна
Ключова дума основи
700 ## - Други автори (авторска отговорност)
Лично име Гибсън, Джеймс Л.
Автороска отговорност (Описва отношението между автора и произведението) съавт.
9 (RLIN) 260143
700 ## - Други автори (авторска отговорност)
Лично име Иванчевич, Джон М.
Автороска отговорност (Описва отношението между автора и произведението) съавт.
9 (RLIN) 260144
852 ## - Местоположение
Форматна сигнатура Цб ІІ 9007
856 4# - Електронен адрес и достъп
Електронен формат pdf - файл
Път до файла /url/
856 4# - Електронен адрес и достъп
Електронен формат pdf - файл
Път до файла /url/
999 ## - СИСТЕМНИ КОНТРОЛНИ НОМЕРА
Koha biblionumber 15334
Koha biblioitemnumber 15334
942 ## - АРТИКУЛИ
Вид на библиотечния материал Книги
Скрит в OPAC Не
Koha issues (borrowed), all copies 1
Периодичен библиозапис Да
944 ## - СЪЗДАВАНЕ И РЕДАКЦИЯ на ЗАПИСА
Създаване/Редакция Създаване
Дата на регистрацията/редакция 15.01.2003
Служител, извършил регистрацията/редакцията Кети_Илиева
944 ## - СЪЗДАВАНЕ И РЕДАКЦИЯ на ЗАПИСА
Създаване/Редакция Редакция
Дата на регистрацията/редакция 27.11.2012
944 ## - СЪЗДАВАНЕ И РЕДАКЦИЯ на ЗАПИСА
Създаване/Редакция Редакция
Дата на регистрацията/редакция 2021-01-21
Служител, извършил регистрацията/редакцията ВК
999 ## - СИСТЕМНИ КОНТРОЛНИ НОМЕРА
Koha biblioitemnumber 15334
Наличности
Код за отписване Код за изгубен артикул Източник на класификационната схема Код за повреда Коз за рестрикции Код за отдаване Артикулен № Име на библиотеката - собственик Име на библиотеката, в която се намира в момента Статус (Текущо местоположение) Дата на вписване в системата Местоположение - отдел Цена в лева Инвентарен номер Систематично азбучна сигнатура Баркод Номер на екземпляра Цена в евро Служебна бележка Служебен тип на артикула
  Не е изгубен Universal Decimal Classification Не е повреден без рестрикции ползва се в читалня 26049 Регионална библиотека "Любен Каравелов" Русе Регионална библиотека "Любен Каравелов" Русе Читалня 2001-01-01 Читалня 32.50 630732 Ч 005/Д 78 120000630732 1 16.62 Дост: Pk Вид: Ф N: стар фонд Дата: 01.01.1997 Дата инв: 23.03.2017 Бележки инв: Ч2017 Книги
  Не е изгубен Universal Decimal Classification Не е повреден само за читалня ползва се в читалня 26050 Регионална библиотека "Любен Каравелов" Русе Регионална библиотека "Любен Каравелов" Русе Хранилище 1997-01-01 Хранилище 0.00 632007 Цб ІІ 9007 120000632007 2 0.00 Вид: Сф Дата: 01.01.1997 Книги
Vip Innovations Ltd, Rousse, Bulgaria 2025